| 000 | 00490nam a2200157 4500 | ||
|---|---|---|---|
| 001 | 133220 | ||
| 003 | ES-MaACL | ||
| 005 | 20230906194341.0 | ||
| 007 | t| | ||
| 008 | 070214s1973 sp r ||||1| spa d | ||
| 100 | 0 |
_aRubio Carracedo, José. _9100395 |
|
| 245 | 1 | 3 |
_aEl cristianismo del futuro _b: (su trasposición evolutiva en Teilhard de Chardin) / _cJosé Rubio Carracedo. |
| 260 |
_aMadrid : _bStudium, _c1973. |
||
| 300 |
_a353 p. ; _c21 cm. |
||
| 852 |
_aES-MaACL _jC-52975 _bR.86180 |
||
| 999 |
_c133220 _d133220 |
||